How to manage performance: 24lessons for improving performance (Record no. 3592)

MARC details
005 - DATE AND TIME OF LATEST TRANSACTION
control field 20250610104805.0
020 ## - INTERNATIONAL STANDARD BOOK NUMBER
International Standard Book Number 978-0-07-148439-8
082 ## - DEWEY DECIMAL CLASSIFICATION NUMBER
Classification number LECT 658.4 BAC
100 ## - MAIN ENTRY--PERSONAL NAME
Author name BACAL, R.
245 ## - TITLE STATEMENT
Title How to manage performance: 24lessons for improving performance
260 ## - PUBLICATION, DISTRIBUTION, ETC.
Place of publication, distribution, etc. New York,
Name of publisher, distributor, etc. McGraw-Hill,
Date of publication, distribution, etc. 2007.
300 ## - PHYSICAL DESCRIPTION
Extent xiii, 99p.: figure, picture.
Dimensions 21cm.
856 ## - ELECTRONIC LOCATION AND ACCESS
Link text Access online book
Electronic name How to manage performance: 24lessons for improving performance
Path mhprofessional.com
942 ## - ADDED ENTRY ELEMENTS (KOHA)
Source of classification or shelving scheme Dewey Decimal Classification
Koha item type Books
Holdings
Date last seen Total checkouts Full call number Barcode Cost, replacement price Price effective from Koha item type Lost status Source of classification or shelving scheme Damaged status Not for loan Withdrawn status Home library Current library Shelving location Date acquired Cost, normal purchase price
06/27/2025   658.3125 BAC DOM0001103 49500.00 06/27/2025 Books   Dewey Decimal Classification       CBE Dodoma CBE Dodoma General Collection 05/28/2010 16500.00
06/10/2025   LECT 658.4 BAC 00000012461 49500.00 06/10/2025 Books   Dewey Decimal Classification       College of Business Education Main Library College of Business Education Main Library General Collection 05/28/2010 16500.00
06/10/2025   LECT 658.4 BAC 00000012462 49500.00 06/10/2025 Books   Dewey Decimal Classification       College of Business Education Main Library College of Business Education Main Library General Collection 05/28/2010 16500.00